000 01062nam a2200277 i 4500
001 bg
100 1 _aDelaney, Denis.
245 0 0 _aFields of vision :
_bliterature in the English language.
_nVol. 2 /
_cDenis Delaney, Ciaran Ward, Carla Rho Fiorina.
250 _a2nd impr.
260 _aHarlow :
_bPearson Education :
_bLongman,
_c2005.
300 _a630 s., pag. varia :
_bil. kolor.
_c27 cm.
500 _aTom obejmuje: A - Introduction to literary appreciation ; B - From the Origins to the Middle Ages ; C - The Renaissance ; D - The Puritan, Restoration and Augustan Ages ; E - Romantic Age.
504 0 _aIndeks.
650 9 _aJęzyk angielski
_ypodręcznik dla cudzoziemców
651 9 _aLiteratura angielska
_ypodręcznik
700 1 _aWard, Ciaran.
700 1 _aFiorina, Carla Rho.
020 _a0582819067
040 _cBPK
041 0 _aeng
044 _aGBR
080 _a811.111:821.111](075)
942 _cKS
008 s pl f |000 0 pol
999 _c54340
_d54340
856 _uhttp://koha.tu.koszalin.pl/cgi-bin/koha/opac-detail.pl?biblionumber=54340
_yKatalog online BPK